header

urban teaching (Record no. 253953)

MARC details
000 -LEADER
fixed length control field 00390nam a22001577a 4500
003 - CONTROL NUMBER IDENTIFIER
control field OSt
005 - DATE AND TIME OF LATEST TRANSACTION
control field 20160523123925.0
008 - FIXED-LENGTH DATA ELEMENTS--GENERAL INFORMATION
fixed length control field 160523b xxu||||| |||| 00| 0 eng d
020 ## - INTERNATIONAL STANDARD BOOK NUMBER
International Standard Book Number 0-8077-3780-1
040 ## - CATALOGING SOURCE
Transcribing agency n/a
050 ## - LIBRARY OF CONGRESS CALL NUMBER
Classification number LC5119.8
Item number .W 45 1999
100 ## - MAIN ENTRY--PERSONAL NAME
Personal name Weiner,lois
245 ## - TITLE STATEMENT
Title urban teaching
Remainder of title the essensials
260 ## - PUBLICATION, DISTRIBUTION, ETC. (IMPRINT)
Place of publication, distribution, etc new york
Name of publisher, distributor, etc teachers college press
942 ## - ADDED ENTRY ELEMENTS (KOHA)
Source of classification or shelving scheme Library of Congress Classification
Koha item type Long Loan Books
Holdings
Withdrawn status Lost status Source of classification or shelving scheme Damaged status Not for loan Collection code Home library Current library Shelving location Date acquired Total Checkouts Full call number Barcode Date last seen Price effective from Koha item type
    Library of Congress Classification     Non-fiction Rongo University Library Rongo University Library General Stacks 23/05/2016   LC5119.8 .W 45 1999 201612723 23/05/2016 23/05/2016 Long Loan Books

© 2026 Rongo University
Contact us: librarian | system librarian | Rongo university